|
|
|
|
| LEADER |
00000cam a22000004a 4500 |
| 001 |
musev2_2899 |
| 003 |
MdBmJHUP |
| 005 |
20230905040356.0 |
| 006 |
m o d |
| 007 |
cr||||||||nn|n |
| 008 |
990302s2000 txu o 00 0 eng d |
| 010 |
|
|
|z 99021505
|
| 020 |
|
|
|a 9780292799257
|
| 020 |
|
|
|z 0292787375
|
| 020 |
|
|
|z 029279925x
|
| 020 |
|
|
|z 9780292787377
|
| 035 |
|
|
|a (OCoLC)55592638
|
| 040 |
|
|
|a MdBmJHUP
|c MdBmJHUP
|
| 043 |
|
|
|a n-mx---
|
| 050 |
0 |
4 |
|a F1221.T3
|b V47 2000
|
| 082 |
0 |
|
|a 972/.3702
|2 21
|
| 100 |
1 |
|
|a Verástique, Bernardino.
|
| 245 |
1 |
0 |
|a Michoacán and Eden :
|b Vasco de Quiroga and the Evangelization of Western Mexico /
|c Bernardino Verástique.
|
| 250 |
|
|
|a 1st ed.
|
| 264 |
|
1 |
|a Austin, TX :
|b University of Texas Press,
|c 2000.
|
| 264 |
|
3 |
|a Baltimore, Md. :
|b Project MUSE,
|c 2012
|
| 264 |
|
4 |
|c ©2000.
|
| 300 |
|
|
|a 1 online resource (214 pages):
|b ill., map ;
|
| 336 |
|
|
|a text
|b txt
|2 rdacontent
|
| 337 |
|
|
|a computer
|b c
|2 rdamedia
|
| 338 |
|
|
|a online resource
|b cr
|2 rdacarrier
|
| 504 |
|
|
|a Includes bibliographical references (p. [174]-184) and index.
|
| 588 |
|
|
|a Description based on print version record.
|
| 650 |
|
0 |
|a Indians, Treatment of
|z Mexico
|z Michoacán de Ocampo.
|
| 650 |
|
0 |
|a Tarasco Indians
|x Missions
|z Mexico
|z Michoacán de Ocampo.
|
| 650 |
|
0 |
|a Tarasco Indians
|x Religion.
|
| 650 |
|
0 |
|a Tarasco Indians
|x History
|y 16th century.
|
| 600 |
1 |
0 |
|a Quiroga, Vasco de,
|d 1470-1565.
|
| 610 |
2 |
0 |
|a Catholic Church
|x Missions
|z Mexico
|z Michoacán de Ocampo.
|
| 651 |
|
0 |
|a Michoacán de Ocampo (Mexico)
|x History
|y 16th century.
|
| 651 |
|
0 |
|a Michoacán de Ocampo (Mexico)
|x Church history.
|
| 655 |
|
7 |
|a Electronic books.
|2 local
|
| 710 |
2 |
|
|a Project Muse.
|e distributor
|
| 830 |
|
0 |
|a Book collections on Project MUSE.
|
| 856 |
4 |
0 |
|z Texto completo
|u https://projectmuse.uam.elogim.com/book/2899/
|
| 945 |
|
|
|a Project MUSE - Custom Collection
|
| 945 |
|
|
|a Project MUSE - Archive Complete Foundation
|
| 945 |
|
|
|a Project MUSE - Archive History Foundation
|
| 945 |
|
|
|a Project MUSE - Archive Native American and Indigenous Studies Foundation
|